| 000 | 00887nam a22002897a 4500 | ||
|---|---|---|---|
| 999 |
_c398 _d398 |
||
| 001 | 002148 | ||
| 003 | CoMeUDC002148 | ||
| 005 | 20181213215113.0 | ||
| 008 | 970222s1996 ck o r 00010 spa d | ||
| 015 | _ack-1996-xxxx | ||
| 020 | _a9586830004 | ||
| 035 | _aAFV5521 LA | ||
| 040 |
_ala _cCoMeUDC |
||
| 041 | 0 | _aspa | |
| 082 | 0 | 4 |
_a340.2 _bJ37a _219 ed. |
| 100 | 1 | _aJaramillo J., Carlos Ignacio. | |
| 245 | 1 | 0 |
_aEscuelas de los glosadores, canonistas y post-glosadores / _cCarlos Ignacio Jaramillo J. |
| 260 |
_aSanta Fe de Bogotá : _bPontificia Universidad Javeriana, Facultad de Ciencias Jurídicas, _c1996. |
||
| 300 | _a391 p. | ||
| 490 | 0 |
_aColección ensayos ; _v3 |
|
| 504 | _aIncluye bibliografía e índice. | ||
| 650 |
_aEscuelas de derecho _x Historia. |
||
| 650 | 4 | _aDerecho romano. | |
| 650 | _aDerecho civil. | ||
| 942 |
_2ddc _cBK |
||
| 949 |
_ac _bn |
||